| 000 | 00571nam a2200217Ia 4500 | ||
|---|---|---|---|
| 001 | 40364 | ||
| 005 | 20240114003335.0 | ||
| 007 | ta | ||
| 008 | 071012s a g b000 u 465 u | ||
| 040 | _aCotton College,Assam | ||
| 041 | _a465 | ||
| 082 |
_a514.53 _bMu 896 In |
||
| 100 | _aMukhi , S . | ||
| 245 | 0 |
_aTopology, Different Gravity and Group Theory for Physicist / _cS Mukhi & N Kumbli. _hTextual Documents |
|
| 300 | _bill ; | ||
| 653 | _aMathematics | ||
| 653 | _aG-Mathematics | ||
| 942 |
_2ddc _cBK |
||
| 999 |
_c40335 _d40335 |
||